| 000 | 00601nam a2200181Ia 4500 | ||
|---|---|---|---|
| 008 | 100920s9999 xx 000 0 und d | ||
| 082 |
_b100592 _a5 न 07 |
||
| 100 | _aRAY SIBNARAYAN. | ||
| 245 | _aंंंंIN FREEDOM`S QUEST LIFEOF M.N.ROY VOL-IV PART II. | ||
| 260 |
_bRENISSANCE PVT LTD KOLKATTA. _c2007 |
||
| 300 |
_a632 _bसाधी |
||
| 365 | _b250 | ||
| 520 | _aई.एल. ई. | ||
| 630 | _aंंंंIN FREEDOM`S QUEST LIFEOF M.N.ROY VOL-IV PART II. | ||
| 650 | _aई.एल. ई. | ||
| 730 | _aंंंंIN FREEDOM`S QUEST LIFEOF M.N.ROY VOL-IV PART II. | ||
| 942 | _cBOOK | ||
| 999 |
_c741030 _d741027 |
||